[Event "ICS rated blitz match"]
[Site "204.178.125.65"]
[Date "2000.09.16"]
[Round "?"]
[White "Hossa"]
[Black "WhiteCastles"]
[Result "0-1"]
[WhiteElo "2530"]
[BlackElo "2786"]
[PlyCount "154"]
[EventDate "2000.??.??"]

1. e4 c5 2. Nf3 d6 3. d4 cxd4 4. Nxd4 Nf6 5. Nc3 a6 6. Bg5 e6 7. f4 Be7 8. Qf3
Qc7 9. O-O-O Nbd7 10. g4 b5 11. Bxf6 Nxf6 12. g5 Nd7 13. f5 Bxg5+ 14. Kb1 Ne5
15. Qh5 Qe7 16. Nxe6 Bxe6 17. fxe6 g6 18. exf7+ Kxf7 19. Qe2 Kg7 20. Nd5 Qd8
21. Bh3 Rf8 22. Rhf1 Ra7 23. Qg2 Raf7 24. Rxf7+ Rxf7 25. Be6 Rf8 26. Rf1 Nc4
27. Rxf8 Qxf8 28. b3 Nd2+ 29. Kb2 Bh6 30. c3 Kh8 31. Qg1 Bg7 32. Qe3 Qe8 33.
Qxd2 Qxe6 34. Qf4 Qe5 35. Qxe5 Bxe5 36. h3 g5 37. Kc2 h5 38. Kd2 Kg7 39. Ne3
Bf4 40. Ke2 Kf6 41. Nd5+ Ke5 42. Kf3 Bd2 43. c4 bxc4 44. bxc4 Ba5 45. Ne3 Bb4
46. Nf5 a5 47. Ng3 h4 48. Nf5 a4 49. Ne7 Kd4 50. Kg4 Bc5 51. Kxg5 Kc3 52. Nc6
Kb2 53. Nd8 d5 54. Ne6 Be3+ 55. Kg4 dxc4 56. Nc7 c3 57. Nd5 Bd2 58. Nb4 c2 59.
Nxc2 Kxc2 60. e5 Bb4 61. Kf4 Kb2 62. e6 Kxa2 63. Kg5 a3 64. Kxh4 Kb1 65. Kg4 a2
66. h4 Be7 67. h5 a1=Q 68. h6 Qd4+ 69. Kf3 Qf6+ 70. Kg4 Qxe6+ 71. Kf4 Qxh6+ 72.
Kf5 Qe3 73. Kg4 Qf2 74. Kh3 Qf3+ 75. Kh2 Qg4 76. Kh1 Qh3+ 77. Kg1 Bc5# {
Hossa checkmated} 0-1

[Event "ICS rated blitz match"]
[Site "204.178.125.65"]
[Date "2000.09.17"]
[Round "?"]
[White "CHESSASSASSIN"]
[Black "Hossa"]
[Result "0-1"]
[WhiteElo "1925"]
[BlackElo "2524"]
[PlyCount "44"]
[EventDate "2000.??.??"]

1. d4 f5 2. Nf3 e6 3. Bg5 Be7 4. Bxe7 Nxe7 5. e3 O-O 6. Bd3 d6 7. Nbd2 Nd7 8.
Bc4 Nb6 9. Bb3 Bd7 10. Ng5 Ned5 11. c4 Qxg5 12. cxd5 Qxg2 13. Rf1 Nxd5 14. Qe2
Nb4 15. O-O-O a5 16. a3 a4 17. Bc4 b5 18. Bxb5 Bxb5 19. Qxb5 Rab8 20. Qxa4 Nd3+
21. Kc2 Nxb2 22. Qc6 Qxc6+ {CHESSASSASSIN resigns} 0-1

[Event "ICS rated blitz match"]
[Site "204.178.125.65"]
[Date "2000.09.17"]
[Round "?"]
[White "Hossa"]
[Black "brutus"]
[Result "1-0"]
[WhiteElo "2525"]
[BlackElo "2245"]
[PlyCount "39"]
[EventDate "2000.??.??"]

1. e4 e6 2. d4 d5 3. Nc3 Nf6 4. e5 Nfd7 5. f4 c5 6. Nf3 Nc6 7. Be3 cxd4 8. Nxd4
Bc5 9. Qd2 a6 10. O-O-O Bxd4 11. Bxd4 b5 12. Be3 Bb7 13. h4 Nb6 14. Bc5 Nc4 15.
Qf2 Qa5 16. Qg3 g6 17. Qf2 b4 18. Ne4 Qxa2 19. Bxc4 dxc4 20. Nf6# {
brutus checkmated} 1-0

[Event "ICS Rated blitz match"]
[Site "204.178.125.65"]
[Date "2000.09.17"]
[Round "?"]
[White "brutus"]
[Black "Hossa"]
[Result "0-1"]
[WhiteElo "2246"]
[BlackElo "2524"]
[PlyCount "44"]
[EventDate "2000.??.??"]

1. e4 e5 2. Nf3 Nc6 3. Bb5 a6 4. Ba4 Nf6 5. Qe2 b5 6. Bb3 Bc5 7. c3 d6 8. d3 h6
9. Be3 Bxe3 10. Qxe3 a5 11. a3 a4 12. Ba2 O-O 13. Nbd2 Bg4 14. h3 Be6 15. Nf1
Bxa2 16. Rxa2 Nh5 17. g4 Nf4 18. Qd2 Na5 19. Ne3 Nb3 20. Qc2 Qf6 21. Nd2 Nc1
22. Ra1 Nfxd3+ {brutus resigns} 0-1

[Event "ICS Rated standard match"]
[Site "204.178.125.65"]
[Date "2000.09.17"]
[Round "?"]
[White "Mefisto5000"]
[Black "Hossa"]
[Result "0-1"]
[WhiteElo "2018"]
[BlackElo "2359"]
[PlyCount "216"]
[EventDate "2000.??.??"]

1. d4 d5 2. c4 e6 3. Nc3 Nf6 4. Bg5 Be7 5. e3 O-O 6. Nf3 Nbd7 7. Bd3 dxc4 8.
Bxc4 c5 9. O-O cxd4 10. exd4 Nb6 11. Bd3 Nfd5 12. Bd2 Nb4 13. Be2 Bd7 14. a3
N4d5 15. Bd3 Rc8 16. Qe2 Nf6 17. Rac1 Bc6 18. Be3 Nbd5 19. Bd2 Nxc3 20. Bxc3
Qd5 21. Qe5 Rfd8 22. Bb1 Bd6 23. Qxd5 Nxd5 24. Bd2 Nf4 25. Rfe1 Bxf3 26. gxf3
Rxc1 27. Bxc1 g6 28. h4 h6 29. Kf1 Kg7 30. Bxf4 Bxf4 31. Rd1 Be5 32. Be4 b6 33.
b3 Bxd4 34. Kg2 f5 35. Bd3 f4 36. Bc4 Kf6 37. a4 Rd7 38. Re1 Be5 39. Re2 Rd1
40. Ra2 Bd4 41. Re2 e5 42. Rc2 Bc5 43. Re2 Ra1 44. Rd2 Bd4 45. Rc2 a5 46. Bd5
Bc5 47. Rd2 h5 48. Bc4 Bd4 49. Rc2 g5 50. hxg5+ Kxg5 51. Bd5 Bc5 52. Bc4 Rb1
53. Rd2 Kf6 54. Re2 Rd1 55. Rc2 h4 56. Re2 Bb4 57. Rc2 Ra1 58. Re2 Rb1 59. Rc2
Bd6 60. Re2 Rd1 61. Rc2 Ra1 62. Rd2 Bc5 63. Re2 Bd4 64. Rc2 Rb1 65. Bd5 Bc5 66.
Bc4 Kg5 67. Re2 Bd4 68. Rc2 Rd1 69. Re2 Bc3 70. Rc2 Bb4 71. Re2 Bd6 72. Rc2 Be7
73. Re2 Kf5 74. Rc2 Bc5 75. Re2 Bb4 76. Kh2 Bf8 77. Kg2 Bd6 78. Kh2 Kf6 79. Kg2
Kg6 80. Kh3 Kg5 81. Kg2 Bc7 82. Kh2 Kh5 83. Kg2 Bb8 84. Kh2 Kg5 85. Kg2 Kf6 86.
Kh2 Kg6 87. Kg2 Kh6 88. Kh2 Bd6 89. Kg2 Rc1 90. Kh2 Kg5 91. Kg2 Ra1 92. Kh2 Rb1
93. Kg2 Kh6 94. Kh2 Kh5 95. Kg2 Rc1 96. Kh2 Rd1 97. Kg2 Ra1 98. Kh2 Kg6 99. Kg2
Kg7 100. Kh2 Kf6 101. Kg2 Bf8 102. Kh2 Be7 103. Kg2 Rc1 104. Kh2 Bd6 105. Ra2
e4 106. fxe4 f3+ 107. Kh3 Kg5 108. Rd2 Rh1# {Mefisto5000 checkmated} 0-1

[Event "ICS rated standard match"]
[Site "204.178.125.65"]
[Date "2000.09.17"]
[Round "?"]
[White "Hossa"]
[Black "Mefisto5000"]
[Result "1-0"]
[WhiteElo "2363"]
[BlackElo "2014"]
[PlyCount "76"]
[EventDate "2000.??.??"]

1. e4 e6 2. d4 d5 3. Nc3 Nf6 4. e5 Nfd7 5. f4 c6 6. Nf3 b5 7. Bd3 a5 8. O-O b4
9. Ne2 g6 10. Be3 Ba6 11. Nc1 c5 12. Bxa6 Rxa6 13. Nd3 c4 14. Nf2 Nc6 15. Qe2
Qa8 16. a4 bxa3 17. bxa3 Rb6 18. Bd2 Be7 19. Bc3 O-O 20. Ng4 Rfb8 21. Ng5 Kg7
22. Nf2 R8b7 23. Qd2 a4 24. Qc1 Qf8 25. Nf3 Ndb8 26. Re1 Na6 27. Rd1 Nc7 28.
Qe3 Qa8 29. Qd2 Qa6 30. Ra2 Rb5 31. Qe2 R7b6 32. Raa1 Qb7 33. Ng4 Rb1 34. Qe1
Rxd1 35. Rxd1 Nb5 36. Bb2 Nc7 37. Bc1 Rb1 38. f5 exf5 {Mefisto5000 resigns} 1-0

[Event "ICS Rated blitz match"]
[Site "204.178.125.65"]
[Date "2000.09.17"]
[Round "?"]
[White "Powerslave"]
[Black "Hossa"]
[Result "1-0"]
[WhiteElo "2752"]
[BlackElo "2518"]
[PlyCount "89"]
[EventDate "2000.??.??"]

1. d4 d5 2. Bg5 Nf6 3. Nc3 e6 4. e4 dxe4 5. Nxe4 Be7 6. Bxf6 gxf6 7. Bc4 f5 8.
Nc3 Rg8 9. g3 a6 10. Nf3 b5 11. Bf1 Bb7 12. Bg2 Nd7 13. O-O b4 14. Ne2 Rc8 15.
c3 bxc3 16. Nxc3 f4 17. Re1 Rb8 18. d5 fxg3 19. hxg3 Bc5 20. dxe6 fxe6 21. Nd4
Bxd4 22. Qxd4 Bxg2 23. Rxe6+ Kf7 24. Qc4 Bh3 25. Re8+ Kxe8 26. Qxg8+ Nf8 27.
Re1+ Kd7 28. Rd1+ Ke8 29. Rxd8+ Rxd8 30. Nd5 c6 31. Nf6+ Ke7 32. Qg7+ Ke6 33.
Ne4 Kd5 34. Qe7 Rc8 35. f3 c5 36. Qd6+ Kc4 37. Nc3 Be6 38. Qf4+ Kd3 39. Qe4+
Kd2 40. Qb1 Ke3 41. Qe1+ Kxf3 42. Qe4+ Kxg3 43. Ne2+ Kh3 44. Qf4 Bxa2 45. Qg3#
{Hossa checkmated} 1-0

[Event "ICS rated blitz match"]
[Site "204.178.125.65"]
[Date "2000.09.17"]
[Round "?"]
[White "Hossa"]
[Black "Powerslave"]
[Result "0-1"]
[WhiteElo "2511"]
[BlackElo "2759"]
[PlyCount "200"]
[EventDate "2000.??.??"]

1. e4 e6 2. d4 d5 3. Nc3 Bb4 4. e5 c5 5. a3 Bxc3+ 6. bxc3 Ne7 7. Qg4 O-O 8. Bd3
Nbc6 9. Qh5 Ng6 10. Nf3 Qc7 11. Ng5 h6 12. Nxf7 Qxf7 13. Qxg6 Qxg6 14. Bxg6
cxd4 15. cxd4 Nxd4 16. Bd3 Bd7 17. Bb2 Nc6 18. Rb1 Rac8 19. f3 Na5 20. Bd4 b6
21. Ra1 Ba4 22. Kd2 g5 23. Bc3 Nc4+ 24. Ke2 Rf7 25. h4 Rg7 26. g4 Ne3 27. Kxe3
Rxc3 28. Ra2 Kf8 29. hxg5 hxg5 30. Rh8+ Ke7 31. Ra8 Rc7 32. Kf2 Bc6 33. Rh8 Be8
34. Ke3 Rc5 35. Ra1 Bc6 36. Rah1 d4+ 37. Kxd4 Rd5+ 38. Ke3 Rxe5+ 39. Be4 Bxe4
40. fxe4 Ra5 41. Ra1 Rc5 42. Ra8 Kf6 43. Rf8+ Ke5 44. Rd1 Rxc2 45. Rd3 Rg2 46.
Kf3 Rg1 47. Rd2 Rh7 48. Kf2 Rxg4 49. Rb2 Rh2+ 50. Kf3 Rxb2 51. Kxg4 Ra2 52. Rf3
Rg2+ 53. Kh3 g4+ 54. Kxg2 gxf3+ 55. Kxf3 Kd4 56. Ke2 Kxe4 57. a4 e5 58. Kd2 Kf3
59. Ke1 e4 60. Kd1 e3 61. Kc2 e2 62. Kd2 Kf2 63. Kd3 e1=Q 64. Kd4 Qa5 65. Ke4
Qxa4+ 66. Kd5 Qd7+ 67. Kc4 b5+ 68. Kb4 Qc6 69. Kb3 Qc4+ 70. Kb2 Qd4+ 71. Kb3
Qd2 72. Ka3 Qc2 73. Kb4 Qc4+ 74. Ka3 Qc3+ 75. Ka2 Qb4 76. Ka1 Qd4+ 77. Ka2 Qd5+
78. Kb2 Qe5+ 79. Kb3 Qe4 80. Kb2 Qe3 81. Ka2 Qc1 82. Kb3 Qd1+ 83. Kb4 Qd5 84.
Ka3 Qd6+ 85. Kb2 Qd1 86. Ka3 Qd2 87. Kb3 Ke2 88. Ka3 Qc3+ 89. Ka2 Qc2+ 90. Ka1
Qc1+ 91. Ka2 Qc3 92. Kb1 Qa3 93. Kc2 Qa2+ 94. Kc3 Qd2+ 95. Kb3 Qd3+ 96. Kb4
Qc4+ 97. Ka3 Qa4+ 98. Kb2 Kd3 99. Kb1 Kc3 100. Kc1 Qc2# {Hossa checkmated} 0-1

[Event "ICS rated blitz match"]
[Site "204.178.125.65"]
[Date "2000.09.17"]
[Round "?"]
[White "Kirlian"]
[Black "Hossa"]
[Result "1-0"]
[WhiteElo "2494"]
[BlackElo "2505"]
[PlyCount "61"]
[EventDate "2000.??.??"]

1. e4 e5 2. Nc3 Nc6 3. g3 Nf6 4. Bg2 Bb4 5. Nge2 O-O 6. O-O d6 7. d3 Bg4 8. h3
Be6 9. f4 Bc5+ 10. Kh2 Qe7 11. f5 Bd7 12. g4 h6 13. Ng3 a6 14. g5 hxg5 15. Bxg5
Nb4 16. a3 Nxc2 17. Nd5 Nxd5 18. Bxe7 Nce3 19. Qh5 Nxf1+ 20. Rxf1 Nxe7 21. f6
gxf6 22. Rxf6 Be3 23. Rh6 Ng6 24. Nf5 Bxf5 25. exf5 Bf4+ 26. Kh1 Bxh6 27. Qxh6
Nf4 28. f6 Nh5 29. Qxh5 Rfb8 30. Qh6 Rc8 31. Qg7# {Hossa checkmated} 1-0

[Event "ICS rated blitz match"]
[Site "204.178.125.65"]
[Date "2000.09.17"]
[Round "?"]
[White "Hossa"]
[Black "Brabo"]
[Result "1-0"]
[WhiteElo "2488"]
[BlackElo "2164"]
[PlyCount "47"]
[EventDate "2000.??.??"]

1. e4 c5 2. Nf3 e6 3. d4 cxd4 4. Nxd4 Nc6 5. Nb5 d6 6. c4 a6 7. Nd4 Bd7 8. Nxc6
Bxc6 9. Bd3 Nf6 10. Nc3 Be7 11. O-O O-O 12. Be3 Rc8 13. Re1 Nd7 14. Nd5 Ne5 15.
Bb6 Qe8 16. Nxe7+ Qxe7 17. f4 Nxd3 18. Qxd3 f5 19. exf5 Qf6 20. Qxd6 Qxb2 21.
Qxe6+ Kh8 22. Bf2 Rce8 23. Qd6 Re2 24. Qxf8# {Brabo checkmated} 1-0

[Event "ICS rated blitz match"]
[Site "204.178.125.65"]
[Date "2000.09.17"]
[Round "?"]
[White "Brabo"]
[Black "Hossa"]
[Result "0-1"]
[WhiteElo "2160"]
[BlackElo "2492"]
[PlyCount "46"]
[EventDate "2000.??.??"]

1. d4 d5 2. Nf3 Nf6 3. e3 e6 4. Bd3 c5 5. c3 Be7 6. Nbd2 Nc6 7. O-O O-O 8. Qe2
Bd6 9. dxc5 Bxc5 10. e4 Bb6 11. e5 Nd7 12. Re1 Bc7 13. c4 Ndxe5 14. cxd5 Nxd3
15. Qxd3 Qxd5 16. Qxd5 exd5 17. b3 Bg4 18. Ba3 Rfc8 19. h3 Bh5 20. Nh4 Ba5 21.
Bc1 Nd4 22. Re5 Ne2+ 23. Kh2 Bc7 {Brabo resigns} 0-1

[Event "ICS rated blitz match"]
[Site "204.178.125.65"]
[Date "2000.09.17"]
[Round "?"]
[White "Hossa"]
[Black "ChessterMan"]
[Result "1-0"]
[WhiteElo "2496"]
[BlackElo "1957"]
[PlyCount "97"]
[EventDate "2000.??.??"]

1. e4 e6 2. d4 d5 3. Nc3 Nf6 4. Bg5 Be7 5. e5 Nfd7 6. Bxe7 Qxe7 7. f4 a6 8. Nf3
c5 9. dxc5 Qxc5 10. Bd3 Nc6 11. Qd2 b5 12. O-O-O Bb7 13. Ng5 g6 14. Bxg6 hxg6
15. Nce4 Qb6 16. Nd6+ Ke7 17. Ngxf7 Rhf8 18. Ng5 Qa5 19. Qxa5 Nxa5 20. b4 Nc4
21. Nxb7 Rxf4 22. Rdf1 Rf5 23. Rxf5 gxf5 24. Re1 Ncxe5 25. Nc5 Kf6 26. Ngxe6 a5
27. Nc7 Rc8 28. Nxd7+ Nxd7 29. Nxd5+ Kg5 30. bxa5 Nc5 31. Rf1 Nd3+ 32. Kb1 Rc5
33. Ne3 Nb4 34. h4+ Kf6 35. g4 Na6 36. Rxf5+ Rxf5 37. Nxf5 Ke5 38. h5 Kf6 39.
h6 Kg6 40. g5 Kh7 41. Nd6 b4 42. Kb2 Nc5 43. a3 bxa3+ 44. Kxa3 Ne6 45. a6 Nc7
46. a7 Kg6 47. c4 Kh7 48. Nb5 Na8 49. c5 {ChessterMan resigns} 1-0

[Event "ICS rated blitz match"]
[Site "204.178.125.65"]
[Date "2000.09.17"]
[Round "?"]
[White "ChessterMan"]
[Black "Hossa"]
[Result "0-1"]
[WhiteElo "1956"]
[BlackElo "2497"]
[PlyCount "42"]
[EventDate "2000.??.??"]

1. e4 e5 2. Bc4 Nf6 3. d3 Nc6 4. Nc3 Bb4 5. f4 d5 6. exd5 Nxd5 7. Bd2 Nxf4 8.
Qf3 Nd4 9. Qf2 Nxc2+ 10. Kd1 Nxa1 11. Bxf4 exf4 12. Nf3 O-O 13. Kd2 b5 14. Bb3
Nxb3+ 15. axb3 Re8 16. h4 Bb7 17. h5 Bxf3 18. gxf3 Re3 19. Qf1 Qd5 20. Rh3 Qxb3
21. h6 Qxb2+ {ChessterMan resigns} 0-1

[Event "ICS rated blitz match"]
[Site "204.178.125.65"]
[Date "2000.09.17"]
[Round "?"]
[White "Hossa"]
[Black "ChessterMan"]
[Result "1-0"]
[WhiteElo "2498"]
[BlackElo "1955"]
[PlyCount "69"]
[EventDate "2000.??.??"]

1. e4 e6 2. d4 d5 3. Nc3 Nf6 4. Bg5 Be7 5. e5 Nfd7 6. Bxe7 Qxe7 7. f4 a6 8. Nf3
c5 9. dxc5 Qxc5 10. Bd3 Nc6 11. Qd2 b5 12. O-O-O Bb7 13. Ng5 h6 14. Nf3 Rc8 15.
g4 b4 16. Na4 Qa5 17. b3 Na7 18. h4 Bc6 19. f5 Bxa4 20. fxe6 fxe6 21. bxa4 Qxa4
22. Bg6+ Ke7 23. Qd4 Nb5 24. Qb2 Rc3 25. Rhf1 Rhc8 26. Bd3 Na3 27. Rf2 Nc5 28.
Ne1 Rb3 29. Qd4 Rb1+ 30. Kd2 Nxd3 31. Qa7+ Kd8 32. Rf8+ Qe8 33. Qb6+ Rc7 34.
Qb8+ Rc8 35. Qd6# {ChessterMan checkmated} 1-0

[Event "ICS rated blitz match"]
[Site "204.178.125.65"]
[Date "2000.09.17"]
[Round "?"]
[White "Hossa"]
[Black "ChessterMan"]
[Result "1-0"]
[WhiteElo "2500"]
[BlackElo "1953"]
[PlyCount "55"]
[EventDate "2000.??.??"]

1. e4 e6 2. d4 d5 3. Nc3 Nf6 4. Bg5 Be7 5. e5 Nfd7 6. Bxe7 Qxe7 7. f4 a6 8. Nf3
c5 9. dxc5 Qxc5 10. Bd3 Nc6 11. Qd2 b5 12. O-O-O Bb7 13. Ng5 h6 14. Nf3 b4 15.
Na4 Qa5 16. b3 Na7 17. f5 Bc6 18. fxe6 fxe6 19. Bg6+ Ke7 20. Qf4 Kd8 21. Nd4
Bxa4 22. Nxe6+ Kc8 23. bxa4 Qxa4 24. Rxd5 Qa3+ 25. Kb1 Nc6 26. Rxd7 Kxd7 27.
Qf7+ Kc8 28. Qc7# {ChessterMan checkmated} 1-0

[Event "ICS rated blitz match"]
[Site "204.178.125.65"]
[Date "2000.09.17"]
[Round "?"]
[White "ChessterMan"]
[Black "Hossa"]
[Result "0-1"]
[WhiteElo "1952"]
[BlackElo "2501"]
[PlyCount "70"]
[EventDate "2000.??.??"]

1. e4 e5 2. Bc4 Nf6 3. d3 Nc6 4. Nc3 Bb4 5. Bd2 Na5 6. Nd5 Bxd2+ 7. Qxd2 Nxc4
8. dxc4 Nxe4 9. Qe3 f5 10. f3 c6 11. fxe4 cxd5 12. cxd5 Qh4+ 13. g3 Qxe4 14.
Qxe4 fxe4 15. Ne2 d6 16. Nc3 Bf5 17. Ke2 Rf8 18. Rhf1 Ke7 19. Ke3 Rac8 20. Rf2
Bg6 21. Raf1 Rf3+ 22. Rxf3 exf3 23. Rf2 Bh5 24. h3 a6 25. g4 Bg6 26. Rxf3 Bxc2
27. Rf2 Bg6 28. Ne4 Bxe4 29. Kxe4 Rc4+ 30. Kf5 Rd4 31. Rc2 Kd7 32. h4 Rxd5 33.
h5 Rd4 34. h6 gxh6 35. Rh2 Rf4# {ChessterMan checkmated} 0-1

[Event "ICS rated blitz match"]
[Site "204.178.125.65"]
[Date "2000.09.17"]
[Round "?"]
[White "Hossa"]
[Black "ChessterMan"]
[Result "1-0"]
[WhiteElo "2502"]
[BlackElo "1951"]
[PlyCount "77"]
[EventDate "2000.??.??"]

1. e4 e6 2. d4 d5 3. Nc3 Nf6 4. Bg5 Be7 5. e5 Nfd7 6. Bxe7 Qxe7 7. f4 a6 8. Nf3
c5 9. dxc5 Qxc5 10. Bd3 Nc6 11. Qd2 b5 12. O-O-O Bb7 13. Ng5 g6 14. Bxg6 hxg6
15. Nce4 Qb6 16. Nd6+ Ke7 17. Ngxf7 Rhf8 18. Ng5 Na5 19. Qb4 Nc5 20. Kb1 Nc6
21. Qd2 Rad8 22. Qf2 d4 23. Nh7 Rh8 24. Qh4+ Kd7 25. Nf6+ Kc7 26. Qg3 Ne7 27.
Nf7 Nf5 28. Qxg6 d3 29. cxd3 Na4 30. Nxh8 Qd4 31. Qh7+ Kb8 32. Rd2 Ne3 33. Nf7
Nc4 34. Rc2 Na3+ 35. bxa3 Nc3+ 36. Rxc3 Qxc3 37. Nxd8 Bd5 38. Nxd5 exd5 39.
Qb7# {ChessterMan checkmated} 1-0

[Event "ICS rated blitz match"]
[Site "204.178.125.65"]
[Date "2000.09.17"]
[Round "?"]
[White "ChessterMan"]
[Black "Hossa"]
[Result "0-1"]
[WhiteElo "1950"]
[BlackElo "2503"]
[PlyCount "74"]
[EventDate "2000.??.??"]

1. e4 e5 2. Bc4 Nf6 3. d3 c6 4. Nc3 Bb4 5. Bd2 d5 6. exd5 cxd5 7. Bb3 d4 8.
Nce2 Bxd2+ 9. Qxd2 Nc6 10. Qg5 O-O 11. h4 Qa5+ 12. Kf1 Bg4 13. h5 h6 14. Qh4
Qd2 15. Nf3 Bxf3 16. gxf3 Na5 17. Rg1 Ne8 18. Qg3 Nxb3 19. axb3 Qxc2 20. Qxe5
Qxd3 21. f4 Rd8 22. f5 Qh3+ 23. Rg2 Qh1+ 24. Rg1 Qxh5 25. Nf4 Qf3 26. f6 g6 27.
Nxg6 Qd3+ 28. Ke1 fxg6 29. Rxa7 Qb1+ 30. Kd2 Qxg1 31. Rxb7 Qxf2+ 32. Kd3 Qf3+
33. Kc2 d3+ 34. Kb1 Qh1+ 35. Ka2 Ra8+ 36. Ra7 Rxa7+ 37. Qa5 Rxa5# {
ChessterMan checkmated} 0-1

[Event "ICS rated blitz match"]
[Site "204.178.125.65"]
[Date "2000.09.17"]
[Round "?"]
[White "Hossa"]
[Black "flytox"]
[Result "1-0"]
[WhiteElo "2504"]
[BlackElo "1947"]
[PlyCount "107"]
[EventDate "2000.??.??"]

1. e4 e6 2. d4 d5 3. Nc3 Nf6 4. e5 Nfd7 5. f4 c5 6. Nf3 Nc6 7. Be3 a6 8. Qd2 b5
9. O-O-O Bb7 10. Kb1 b4 11. Ne2 c4 12. f5 a5 13. fxe6 fxe6 14. Nf4 Qe7 15. Bf2
g5 16. Nh5 h6 17. Qe3 O-O-O 18. Be2 Re8 19. h4 g4 20. Nh2 Rg8 21. Nxg4 a4 22.
Nhf6 Nxf6 23. Nxf6 Bg7 24. Nxg8 Rxg8 25. g4 Na5 26. Rhf1 Kb8 27. Be1 Ka7 28. a3
Nc6 29. axb4 Nxb4 30. Qa3 Nc6 31. Qxa4+ Kb6 32. Qa3 Qxa3 33. bxa3 Ra8 34. Rf7
Bf8 35. a4 Bb4 36. Bxb4 Nxb4 37. Rf6 Bc8 38. c3 Nc6 39. Rd2 Rxa4 40. Rb2+ Ka5
41. Rxh6 Na7 42. Rh8 Ba6 43. g5 Nb5 44. Rxb5+ Bxb5 45. g6 Ra3 46. Ra8+ Ba6 47.
g7 Rxc3 48. g8=Q Rb3+ 49. Kc2 Re3 50. Qd8+ Kb5 51. Qd7+ Ka5 52. Qc7+ Kb5 53.
Qc5+ Ka4 54. Rxa6# {flytox checkmated} 1-0

[Event "ICS rated blitz match"]
[Site "204.178.125.65"]
[Date "2000.09.17"]
[Round "?"]
[White "flytox"]
[Black "Hossa"]
[Result "0-1"]
[WhiteElo "1946"]
[BlackElo "2505"]
[PlyCount "56"]
[EventDate "2000.??.??"]

1. e4 e5 2. Nf3 Nc6 3. Bb5 a6 4. Ba4 Nf6 5. O-O Be7 6. Re1 b5 7. Bb3 d6 8. c3
O-O 9. h3 Bb7 10. d4 Re8 11. Nbd2 Bf8 12. Nf1 exd4 13. cxd4 Nxe4 14. Bd5 Nf6
15. Bg5 Be7 16. Bxf6 Bxf6 17. Rc1 Qd7 18. Qd2 Rab8 19. Ne3 Ba8 20. a3 Bb7 21.
Qc3 Nxd4 22. Nxd4 c5 23. Nf3 Bxc3 24. Rxc3 Rxe3 25. Bxb7 Rxe1+ 26. Nxe1 Re8 27.
Re3 Rxe3 28. fxe3 Qxb7 {flytox resigns} 0-1

[Event "ICS rated blitz match"]
[Site "204.178.125.65"]
[Date "2000.09.17"]
[Round "?"]
[White "Frank-theFrog"]
[Black "Hossa"]
[Result "0-1"]
[WhiteElo "2625"]
[BlackElo "2506"]
[PlyCount "126"]
[EventDate "2000.??.??"]

1. e4 e5 2. Nf3 Nc6 3. d4 exd4 4. Nxd4 Nf6 5. Nxc6 bxc6 6. e5 Qe7 7. Qe2 Nd5 8.
c4 Ba6 9. Nd2 g6 10. Qe4 f5 11. Qd4 Nb6 12. c5 Bxf1 13. cxb6 Bxg2 14. Rg1 c5
15. Qc3 Bb7 16. bxa7 Rxa7 17. Nc4 Bg7 18. Bg5 Qe6 19. f4 Bd5 20. Ne3 d6 21. a4
Bb3 22. a5 O-O 23. Be7 Re8 24. Bg5 c4 25. Qd4 Rea8 26. Qd5 Qxd5 27. Nxd5 Rxa5
28. Rxa5 Rxa5 29. Ne7+ Kf8 30. Bf6 dxe5 31. fxe5 Rxe5+ 32. Bxe5 Bxe5 33. Nc6
Bxh2 34. Rg5 c3 35. bxc3 Bd5 36. Nb4 Be4 37. Na6 Kf7 38. Nc5 Bc6 39. Kf2 h6 40.
Rg3 Bxg3+ 41. Kxg3 Ke7 42. Kf4 Kd6 43. Nb3 Bd7 44. Ke3 g5 45. Na5 h5 46. Kd4
c5+ 47. Kc4 h4 48. Nb7+ Kc7 49. Nxc5 h3 50. Nd3 g4 51. Nf2 f4 52. Kd3 g3 53.
Nxh3 Bxh3 54. c4 Bf1+ 55. Ke4 Kd6 56. Kf3 Kc5 57. Kxf4 g2 58. Ke5 g1=Q 59. Kf6
Bxc4 60. Kf5 Kd6 61. Kf4 Be2 62. Ke4 Qg5 63. Kd4 Qe5# {Frank-theFrog checkmated
} 0-1

[Event "ICS rated blitz match"]
[Site "204.178.125.65"]
[Date "2000.09.17"]
[Round "?"]
[White "Hossa"]
[Black "Frank-theFrog"]
[Result "1-0"]
[WhiteElo "2527"]
[BlackElo "2604"]
[PlyCount "125"]
[EventDate "2000.??.??"]

1. e4 e6 2. d4 d5 3. Nc3 Nf6 4. Bg5 dxe4 5. Nxe4 Nbd7 6. Nxf6+ Nxf6 7. Nf3 h6
8. Bh4 Be7 9. c3 Qd5 10. Bg3 c6 11. Bd3 Ne4 12. Be5 f6 13. Qe2 Nxc3 14. Bg6+
Kf8 15. bxc3 fxe5 16. Nxe5 Qxg2 17. Be4 Qh3 18. Ng6+ Ke8 19. Nxh8 Qxc3+ 20. Qd2
Qxa1+ 21. Ke2 Bg5 22. Rxa1 Bxd2 23. Kxd2 Ke7 24. Ng6+ Kf6 25. Rg1 Kf7 26. Rg3
Kg8 27. Rb3 b6 28. Bxc6 Rb8 29. Re3 a5 30. Ne7+ Kf7 31. Nxc8 Rxc8 32. Bd7 Rf8
33. Rf3+ Ke7 34. Rxf8 Kxf8 35. Bxe6 b5 36. Bd5 b4 37. Ke3 Ke7 38. Bc6 Kd6 39.
Ba4 Ke6 40. Bb3+ Kd6 41. h4 Kd7 42. Ba4+ Ke6 43. Be8 Ke7 44. Bb5 Kd6 45. h5 Kd5
46. f4 Ke6 47. Ke4 Kd6 48. Be8 Ke7 49. Bc6 Kd6 50. d5 Kc5 51. Ke5 a4 52. Bxa4
Kb6 53. d6 Kb7 54. Ke6 Kc8 55. d7+ Kc7 56. Kd5 b3 57. axb3 g5 58. hxg6 h5 59.
g7 h4 60. Kc5 h3 61. g8=R Kb7 62. Bc6+ Ka6 63. Ra8# {Frank-theFrog checkmated}
1-0

[Event "ICS rated standard match"]
[Site "204.178.125.65"]
[Date "2000.09.17"]
[Round "?"]
[White "superbeast"]
[Black "Hossa"]
[Result "0-1"]
[WhiteElo "1946"]
[BlackElo "2367"]
[PlyCount "42"]
[EventDate "2000.??.??"]

1. e4 e5 2. f4 exf4 3. Nf3 d5 4. exd5 Qxd5 5. Nc3 Qe6+ 6. Be2 Bd6 7. O-O Ne7 8.
d4 Nf5 9. d5 Qe7 10. Bb5+ Bd7 11. Re1 Bc5+ 12. Kh1 Ne3 13. Bxe3 fxe3 14. Qd3
O-O 15. Rad1 Rd8 16. Bxd7 Nxd7 17. Ne4 Re8 18. Neg5 Nf6 19. a3 h6 20. b4 hxg5
21. bxc5 Ng4 {superbeast resigns} 0-1

[Event "ICS rated standard match"]
[Site "204.178.125.65"]
[Date "2000.09.17"]
[Round "?"]
[White "BrazilianMaster"]
[Black "Hossa"]
[Result "1-0"]
[WhiteElo "2595"]
[BlackElo "2370"]
[PlyCount "125"]
[EventDate "2000.??.??"]

1. e4 e5 2. Bc4 Nf6 3. d4 exd4 4. Nf3 Nxe4 5. Qxd4 Nf6 6. Bg5 Be7 7. Nc3 Nc6 8.
Qf4 O-O 9. O-O-O d6 10. Rhe1 a5 11. Qg3 Kh8 12. h3 a4 13. a3 Bf5 14. Qh4 Kg8
15. Bb5 h6 16. Bd2 Nd5 17. Qh5 Nxc3 18. Bxc3 Be6 19. Rd3 Bf6 20. Bd2 Qc8 21. g4
Na7 22. Bxa4 Bc4 23. Rde3 b5 24. Bb3 Bxb3 25. Rxb3 Re8 26. Rxe8+ Qxe8 27. g5
hxg5 28. Nxg5 Bxg5 29. Qxg5 Qe2 30. Re3 Qf1+ 31. Re1 Qxh3 32. Rg1 Qh7 33. Bc3
g6 34. Qg2 Qh6+ 35. Kb1 Rf8 36. Rh1 Qxh1+ 37. Qxh1 f6 38. Qd5+ Kg7 39. Qb7 Nc8
40. Qxc7+ Kh6 41. Ka2 g5 42. Kb3 Kg6 43. Kb4 g4 44. Qd7 g3 45. fxg3 d5 46. Kxb5
Rh8 47. g4 Rf8 48. Qf5+ Kg7 49. Qg5+ Kf7 50. Qxf6+ Ke8 51. Qg6+ Rf7 52. Qc6+
Kd8 53. Ba5+ Ke7 54. Qxc8 Kf6 55. Qf5+ Kg7 56. Qg5+ Kh7 57. Bc3 Rb7+ 58. Ka6 d4
59. Bxd4 Rd7 60. Qh5+ Kg8 61. Qe8+ Kh7 62. Qxd7+ Kg8 63. Qg7# {Hossa checkmated
} 1-0

[Event "ICS rated standard match"]
[Site "204.178.125.65"]
[Date "2000.09.17"]
[Round "?"]
[White "Hossa"]
[Black "BrazilianMaster"]
[Result "0-1"]
[WhiteElo "2363"]
[BlackElo "2602"]
[PlyCount "156"]
[EventDate "2000.??.??"]

1. e4 c5 2. Nc3 d6 3. f4 Nc6 4. Nf3 g6 5. Bb5 Bd7 6. d4 cxd4 7. Nxd4 Bg7 8. Be3
a6 9. Bc4 Nxd4 10. Bxd4 e5 11. fxe5 dxe5 12. Be3 Rc8 13. Bd5 Qc7 14. O-O Nf6
15. Rf2 O-O 16. Qf1 Ng4 17. Rxf7 Kh8 18. Qe2 Bh6 19. Bxh6 Rxf7 20. Bxf7 Qb6+
21. Be3 Qxb2 22. Rb1 Qxc3 23. Ba7 b6 24. Bxb6 Rb8 25. Kf1 Qd4 26. h3 Nh2+ 27.
Ke1 Rxb6 28. Rxb6 Qg1+ 29. Kd2 Qxb6 30. Bc4 Bb5 31. Bxb5 axb5 32. Kc3 Qd4+ 33.
Kb3 Qa4+ 34. Kb2 Qb4+ 35. Kc1 Kg7 36. Qd3 h5 37. c3 Qa3+ 38. Kb1 Qa7 39. Qg3
Qg1+ 40. Kb2 Kf6 41. Kb3 Nf1 42. Qd3 Qxg2 43. Qd6+ Kg5 44. Qd8+ Kf4 45. Qf6+
Ke3 46. Qb6+ Kf3 47. Qf6+ Ke2 48. Kb4 Qxe4+ 49. Kxb5 Ne3 50. Qe6 Kd3 51. Kc5
Kxc3 52. Qb3+ Kd2 53. Kd6 Nc4+ 54. Ke7 Qc6 55. Qg3 e4 56. Qf2+ Kc3 57. Qe1+ Kd4
58. Qd1+ Ke5 59. Qa1+ Kf4 60. Qf1+ Kg3 61. Qh1 Qd6+ 62. Ke8 Qe6+ 63. Kf8 Nd6
64. Qg1+ Kxh3 65. Qf1+ Kg4 66. Qg2+ Kh4 67. Qf2+ Kg5 68. Qe3+ Kf6 69. Qc3+ Qe5
70. Qxe5+ Kxe5 71. Kg7 e3 72. a4 e2 73. a5 e1=Q 74. a6 Nf5+ 75. Kf7 Kf4 76.
Kxg6 Qe6+ 77. Kh7 Qf7+ 78. Kh8 Qg7# {Hossa checkmated} 0-1